| 000 | 00000nam##2200000za#4500 |
| 001 | 9.571035 |
| 003 | CaOODSP |
| 005 | 20210624182528 |
| 007 | cr ||||||||||| |
| 008 | 150406|2004||||xxc|||||o f|0| 0 eng|d |
| 040 | |aCaOODSP|beng |
| 043 | |an-cn--- |
| 086 | 1 |aYC17-0/381-3E-PDF |
| 110 | 1 |aCanada. |bParliament. |bSenate. |bStanding Committee on Social Affairs, Science and Technology. |
| 245 | 10|aMental health, mental illness and addiction : |h[electronic resource]|boverview of policies and programs in Canada / |cThe Honourable Michael J.L. Kirby, chair ; the Honourable Wilbert Joseph Keon, deputy chair. |
| 246 | 3 |aInterim report of the Standing Senate Committee on Social Affairs, Science And Technology |
| 260 | |aOttawa - Ontario : |bSenate. |cNovember 2004. |
| 300 | |a280p., 110p., 86p.|bgraphs, references, tables |
| 490 | 1 |aReport of the Standing Senate Committee on Social Affairs, Science and Technology|v38th Parliament, 1st Session, [3rd report] |
| 500 | |aContents: Volume 1: Overview of Policies and Programs in Canada -- Vol. 2: Report 2 -- Vol. 3: Issues and Options for Canada. |
| 590 | |a11-12-Supp|b2011-07-29 |
| 775 | 08|tSanté mentale, maladie mentale et toxicomanie : |w(CaOODSP)9.601678 |
| 830 | #0|aReport of the Standing Senate Committee on Social Affairs, Science and Technology ;|v38th Parliament, 1st Session, [3rd report]|w(CaOODSP)9.505256 |
| 856 | 40|ahttp://publications.gc.ca|qPDF|s1.23 MB|uhttps://publications.gc.ca/collections/collection_2011/sen/yc17-0/YC17-0-381-3-1-eng.pdf |
| 856 | 40|ahttp://publications.gc.ca|qPDF|s604 KB|uhttps://publications.gc.ca/collections/collection_2011/sen/yc17-0/YC17-0-381-3-2-eng.pdf |
| 856 | 40|ahttp://publications.gc.ca|qPDF|s497 KB|uhttps://publications.gc.ca/collections/collection_2011/sen/yc17-0/YC17-0-381-3-3-eng.pdf|y38th Parliament, 1st Session, [3rd report] |